000 01492nam a2200229Ia 4500
999 _c51645
_d51645
001 18636
003 GE_BSU
005 20210412165153.0
008 181216s2015||||ge |||||||||||||| ||geo||
040 _cGE_BSU
041 _ageo
080 _a33 დ-43
100 _aდიასამიძე, მერაბ
_911238
245 _aტურიზმის ინდუსტრიაში კლასტერის ფორმირება და რეგიონული ტურისტული ბაზრის კონკურენტუნარიანობის ამაღლება /
_cმერაბ დიასამიძე; სამეცნიერო ხელმძღვანელი როსტომ ბერიძე; ბათუმის შოთა რუსთაველის სახ-ფო უნ-ტი.
264 _aბათუმი,
_c2015.
300 _a154 გვ.;
_b30 სმ.
653 _aდისერტაცია
653 _aეკონომიკა
653 _aტურიზმის ინდუსტრიაში კლასტერის ფორმირება და რეგიონული ტურისტული ბაზრის კონკურენტუნარიანობის ამაღლება
700 _aბერიძე, როსტომ
_eსამეცნიერო ხელმძღვანელი
_91686
942 _cBK
_2udc